000 01477cam a2200253 4500
001 ABS64468
008 011004n2001 000 0 eng u
035 _a(Sirsi) u114998
100 _aTeo, M.M.M.
245 2 _aA theory of waste behaviour in the construction industry
260 _c2001
490 _aConstruction Management and Economics
_v19(7) 2001, 741-751(11)
520 _aThe construction industry generates a huge amount of waste, and has been slow to embrace environmentally friendly practices. Changing people's wasteful behaviour can make a significant contribution to reducing avoidable waste. Describes a research project that investigated the key influences that shape operatives' attitudes to waste management, and any impediments to them being positive. The project concluded that while attitudes to waste management are not negative, operatives see waste as an inevitable by-product of construction activity. Waste management is perceived as a low priority, and appropriate resources and incentives to support it are lacking. Makes recommendations for managers wanting to develop waste management policies that encourage positive attitudes towards waste among operatives.
590 _aABS
650 _aWASTE MANAGEMENT
650 _aOPERATIVES
650 _aATTITUDES
650 _aBEHAVIOUR
650 _aEnvironment
_96238
650 _aSustainability
_96271
690 _aBUILT ENVIRONMENT
700 _aLoosemore, M
942 _n0
999 _c68480
_d68480